Perl resource kit
Αποθηκεύτηκε σε:
| Άλλοι συγγραφείς: | , , |
|---|---|
| Μορφή: | Βιβλίο |
| Γλώσσα: | English |
| Δημοσίευση: |
Beijing ; Cambridge :
O'Reilly & Associates,
c1998
|
| Έκδοση: | Win32 ed. |
| Θέματα: | |
| Ετικέτες: |
Προσθήκη ετικέτας
Δεν υπάρχουν, Καταχωρήστε ετικέτα πρώτοι!
|
MARC
| LEADER | 00000nam a2200000 i 4500 | ||
|---|---|---|---|
| 001 | 1/96322 | ||
| 008 | 000324s1998 eng d | ||
| 035 | |l 10055717 | ||
| 040 | |a GR-MY-UA |b gre |e aacr | ||
| 041 | 0 | |a eng | |
| 082 | 0 | |a 005.133 | |
| 245 | 1 | 0 | |a Perl resource kit |
| 250 | |a Win32 ed. | ||
| 260 | |a Beijing ; Cambridge : |b O'Reilly & Associates, |c c1998 | ||
| 300 | |a 4 v.; |b ill.; |c 24 cm.+ |e 1 computer laser optical disc (4 3/4 in.) | ||
| 300 | |e the Perl journal (issue #9, v.3, no.1, fall 1998) | ||
| 500 | |a Issued in container | ||
| 504 | |a Includes index | ||
| 505 | 0 | |a V. 1-2. Perl module reference/ compiled and edited by David Futato -- v.[3]. Programming with Perl modules/ Erik Olson -- v.[4]. Perl utilities guide/ Brian Jepson | |
| 650 | 0 | 0 | |a Perl (Computer program language) |
| 700 | 1 | |a Jepson, Brian |d 1967- | |
| 700 | 1 | |a Olson, Erik W. |d 1963- | |
| 700 | 1 | |a Fafuto, David. |4 edt | |
| 740 | 0 | 2 | |a Programming with Perl modules |
| 740 | 0 | 2 | |a Perl module reference |
| 740 | 0 | 2 | |a Perl utilities guide |
| 740 | 0 | 2 | |a Perl journal |
| 852 | |a INST |b SAMOS |e 20000324 |h 005.133 PER |p 005300016218 |q 005300016218 |t BK |y 0 |z v.2 | ||
| 852 | |a INST |b SAMOS |e 20000324 |h 005.133 PER |p 005300016219 |q 005300016219 |t BK |y 0 |z v.1 | ||
| 852 | |a INST |b SAMOS |e 20000324 |h 005.133 PER |p 005300016220 |q 005300016220 |t BK |y 0 |z v.4 | ||
| 852 | |a INST |b SAMOS |e 20000324 |h 005.133 PER |p 005300016221 |q 005300016221 |t BK |y 0 |z v.3 | ||
| 852 | |a INST |b SAMOS |e 20000324 |h 005.133 PER |p 005300016218 |q 005300016218 |t BK |v v.2: |y 0 |z v.2 | ||
| 852 | |a INST |b SAMOS |e 20000324 |h 005.133 PER |p 005300016219 |q 005300016219 |t BK |v v.1: |y 0 |z v.1 | ||
| 852 | |a INST |b SAMOS |e 20000324 |h 005.133 PER |p 005300016220 |q 005300016220 |t BK |v v.4: |y 0 |z v.4 | ||
| 852 | |a INST |b SAMOS |e 20000324 |h 005.133 PER |p 005300016221 |q 005300016221 |t BK |v v.3: |y 0 |z v.3 | ||
| 852 | |a INST |b SAMOS |e 20000324 |h 005.133 PER |p 005300017858 |q 005300017858 |t BK |v (Unknown.)???: |y 0 |z ??? | ||
| 852 | |a INST |b SAMOS |e 20000324 |h 005.133 PER |p 005300017857 |q 005300017857 |t BK |v (Unknown.)???: |y 0 |z ??? | ||
| 853 | |a INST |b SAMOS |h 005.133 PER | ||
| 853 | |a INST |b SAMOS |h 005.133 PER cdrom | ||
| 853 | |a INST |b SAMOS |h 005.133 PER supplement | ||
| 901 | |a BIBL3-2000-1 | ||
| 909 | |a Σ |b 071271 | ||
| 909 | |a Σ |b 067754 | ||
| 909 | |a Σ |b 071275 | ||
| 909 | |a Σ |b 071274 | ||
| 909 | |a Σ |b 071273 | ||
| 909 | |a Σ |b 071272 | ||
| 922 | |a 3ΕΛΗ |b 199912 |c ΤΠΕΣ |d ΠΑΠΑΣΩΤΗΡΙΟΥ | ||
| 950 | |a 133-1999-07-20 | ||
| 970 | |a ΓΕΝΟΥΖΟΥ |b ΧΡΥΣΑΝΘΗ |z 2000/03/24 | ||